000 01147cam a2200289 a 4500
001 000014525
005 20200929163850.0
008 920819s1992 ck a b 000 0 spa
020 _a9589057241
035 _a(DLC) 92202425
040 _aDO-SdBNP
_bspa
_cBNPHU
082 _a305.4098
_bB516h
100 1 _aBermúdez Q., Suzy.
_932860
245 1 0 _aHijas, esposas y amantes :
_bgénero, clase, etnia y edad en la historia de América Latina /
_cSuzy Bermúdez Q. ; prólogos Jaime Jaramillo Uribe y María Consuelo Cárdenas de Sanz de Santamaría.
260 _aSantafé de Bogotá :
_bUniandes,
_c1992.
300 _avii, 186 p. :
_bil. ;
_c21 cm.
490 1 _aLa flor y el colibrí
500 _aSegunda impresión, 1994.
504 _aIncluye bibliografía: (p. 180-185).
650 4 _aMujeres
_zAmérica Latina
_xHistoria
_932861
650 4 _aMujeres
_zAmérica Latina
_xCondiciones sociales
_932862
700 1 _aJaramillo Uribe, Jaime,
_epról.
_932863
700 1 _aCárdenas de Sanz de Santamaría, María Consuelo,
_epról.
_932864
830 0 _aLa flor y el colibrí
_932865
910 _aCatalogación derivada
049 _aBNGR
999 _c14113
_d14113